Tổ chức dòng họ của ngưởi Hoa ở Tây Nam Bộ: chức năng và sự lựa chọn duy lý /

Na minha lista:
Detalhes bibliográficos
Autor principal: Nguyễn Thị Nhung.
Formato: Atigo
Idioma:Vietnamese
Assuntos:
Tags: Adicionar Tag
Sem tags, seja o primeiro a adicionar uma tag!
Thư viện lưu trữ: Thư viện Trường Đại học Đà Lạt
LEADER 00859nam a2200277 4500
001 DLU140165364
005 ##2014113
040 # # |a DLU  |b vie 
041 # # |a vie 
044 # # |a vn 
100 # # |a Nguyễn Thị Nhung. 
245 # # |a Tổ chức dòng họ của ngưởi Hoa ở Tây Nam Bộ: chức năng và sự lựa chọn duy lý /  |c Nguyễn Thị Nhung 
653 # # |a Dòng họ 
653 # # |a Người Hoa 
653 # # |a Nghiên cứu 
653 # # |a Tổ chức 
773 # # |t Tạp chí Khoa học xã hội Thành phố Hồ Chí Minh  |g Số 2(186), 2014, tr. 73-82 
920 # # |a Phòng Tạp chí -- Trung tâm Thông tin - Thư viện Trường Đại học Đà Lạt 
994 # # |a DLU 
900 # # |a True 
911 # # |a Nguyễn Thị Tưởng 
925 # # |a G 
926 # # |a A 
927 # # |a BB 
980 # # |a Thư viện Trường Đại học Đà Lạt